Online
Catalog

Curso de filosofía : (Record no. 164)

MARC details
000 -CABECERA
campo de control de longitud fija 02564nam a2200277 a 4500
001 - NÚMERO DE CONTROL
campo de control 000000164
005 - FECHA Y HORA DE LA ÚLTIMA TRANSACCIÓN
campo de control 20200929145313.0
008 - DATOS DE LONGITUD FIJA--INFORMACIÓN GENERAL
campo de control de longitud fija 081112s2007 dr a 001 0 spa
040 ## - FUENTE DE LA CATALOGACIÓN
Centro catalogador/agencia de origen DO-SdBNP
Lengua de catalogación spa
Centro/agencia transcriptor BNPHU
082 ## - NÚMERO DE LA CLASIFICACIÓN DECIMAL DEWEY
Número de clasificación 101
Número de documento/Ítem R789c
100 1# - ENTRADA PRINCIPAL--NOMBRE DE PERSONA
Nombre de persona Rosario Jiménez, José
9 (RLIN) 526
245 10 - MENCIÓN DE TÍTULO
Título Curso de filosofía :
Resto del título generalidades e historia /
Mención de responsabilidad, etc. José Rosario Jiménez ; prólogo Franklin García Fermín.
260 ## - PUBLICACIÓN, DISTRIBUCIÓN, ETC.
Lugar de publicación, distribución, etc. La Vega, República Dominicana :
Nombre del editor, distribuidor, etc. Imprenta Enriquillo,
Fecha de publicación, distribución, etc. 2007.
300 ## - DESCRIPCIÓN FÍSICA
Extensión v. :
Otras características físicas il. ;
Dimensiones 22 cm.
500 ## - NOTA GENERAL
Nota general La biblioteca posee el volumen 1.
500 ## - NOTA GENERAL
Nota general Incluye glosario de términos.
500 ## - NOTA GENERAL
Nota general Segunda reimpresión de la primera edición de 2007.
504 ## - NOTA DE BIBLIOGRAFÍA, ETC.
Nota de bibliografía, etc. Bibliografía : p. 254-258
505 0# - NOTA DE CONTENIDO CON FORMATO
Título Análisis etimológico del término philosophia --
-- Algunos conceptos de filosofía a través de la historia --
-- Definición más abarcadora y sus variables --
-- La metafísica --
-- La lógica --
-- La gnoseología, epistemología o teoría del conocimiento --
-- La ética y moral --
-- La estética --
-- La filosofía social --
-- Historia de la filosofía --
-- La linguística --
-- La teología --
-- Las categorías filosóficas --
-- Algunas referencias históricas --
-- Los grados de las categorías --
-- Las características de las categorías --
-- Concepción materialista e idealista de las categorías --
-- Concepto de ciencia --
-- Aportes de la filosofía al pensamiento científico --
-- Los grados de conocimiento en general --
-- Conocimiento subjetivo y conocimiento objetivo --
-- Conocimiento filosófico y conocimiento experimental --
-- Tres concepciones sobre el origen de la filosofía --
-- El pensamiento filosófico en occidente --
-- Escuelas y corrientes de la filosofía occidental --
-- Los nuevos presupuestos de la filosofía cristiana --
-- La patrística medieval --
-- La escolástica --
-- La decadencia medieval --
-- El humanismo --
-- El racionalismo --
-- El empirismo ilustrado --
-- El racio-empirismo --
-- La dialéctica hegeliana --
-- La gnoseología marxista --
-- El positivismo --
-- Existencialismo --
-- La fenomelogía --
-- Estructuralismo --
-- El neopositivismo --
-- La idea de progreso y el fin de la historia --
-- La vida sin imperativo categórico --
-- Tolerancia e indiferencia --
-- El ateísmo postmoderno --
-- La ecofilosofía (características generales).
590 ## - NOTA LOCAL (RLIN)
Nota local Inventariado, 2018 /LP
650 #4 - PUNTO DE ACCESO ADICIONAL DE MATERIA--TÉRMINO DE MATERIA
Término de materia o nombre geográfico como elemento de entrada Filosofía
Subdivisión general Enseñanza
9 (RLIN) 527
650 #4 - PUNTO DE ACCESO ADICIONAL DE MATERIA--TÉRMINO DE MATERIA
Término de materia o nombre geográfico como elemento de entrada Filosofía
Subdivisión general Historia
9 (RLIN) 528
650 #4 - PUNTO DE ACCESO ADICIONAL DE MATERIA--TÉRMINO DE MATERIA
Término de materia o nombre geográfico como elemento de entrada Categorías (filosofía)
9 (RLIN) 529
700 1# - PUNTO DE ACCESO ADICIONAL--NOMBRE DE PERSONA
Nombre de persona García Fermín, Franklin,
Fechas asociadas al nombre 1957-
Término indicativo de función/relación pról.
9 (RLIN) 530
910 ## - DATOS DE OPCIÓN DEL USUARIO (OCLC)
Datos de opción del usuario Validado. Control de calidad MMOLINA
Holdings
Estado de retiro Estado de pérdida Restricciones de uso No para préstamo Código de colección Localización permanente Ubicación/localización actual Ubicación en estantería Fecha de adquisición Número de inventario Total de préstamos Signatura topográfica completa Código de barras Fecha visto por última vez Precio válido a partir de Tipo de ítem Koha Nota pública Fuente de adquisición
    Préstamo en sala   Dominicana de Servicio Biblioteca Nacional Pedro Henríquez Ureña Biblioteca Nacional Pedro Henríquez Ureña Depósito 01.09.2009 LF1   101 R789c | v. 1, e. 3 164-30 25.06.2020 25.06.2020 Libros y folletos Autografiado por el autor a la Biblioteca Nacional  
      Excluido de préstamo Patrimonio Dominicano Biblioteca Nacional Pedro Henríquez Ureña Biblioteca Nacional Pedro Henríquez Ureña Depósito 19.06.2009 LF1   101 R789c | v. 1 164-10 25.06.2020 25.06.2020 No se presta Autografiado por el autor a la Biblioteca Nacional 000630
      Excluido de préstamo Patrimonio Dominicano Biblioteca Nacional Pedro Henríquez Ureña Biblioteca Nacional Pedro Henríquez Ureña Depósito 19.06.2009 LF1   101 R789c | v.1, e. 2 164-20 25.06.2020 25.06.2020 No se presta   000631

Powered by Koha